01009na a2200253 450000100060000000300080000600500170001400800410003103500100007204000250008204100080010708200220011511000340013724501130017126000480028430000270033250000390035950501160039860000430051460000520055761000600060965000520066971000340072118152MIRAKIL20181213155016.0161114b tu 000 0  a18152 aMilasbturcTR-AnCHP atur a353.62 bG35 2006 aGenel Kurmay Başkanlığı aGenel Kurmay Başkanlığı komuta devir-teslim törenib28 Ağustos 2006cGenel Kurmay Başkanlığı aAnkarabGenel Kurmay Başkanlığıc2006 a2 c. bfotğ.c23 sm. aİki yapıt tek dosya halindedir. a1. kitap: Orgeneral Hilmi Özkök (Topçu 1959-1); 2. kitap: Orgeneral M. Yaşar Büyükanıt (P. 1961-2) aÖzkök, Hilmi d1959-xDevir teslim aBüyükanıt, M. Yaşard1961-xDevir teslim aGenel Kurmay BaşkanlığıxDevir teslimyTörenler aMilli savunmaxBaşkanlık sistemiyTörenler aGenel Kurmay Başkanlığı